=LDR 00000nam 2200000 4500 =001 INLIS000000000026046 =005 20130612124518 =008 ***********************************Ind** =035 ##$$0010-061300000026046 =041 ##$$a Ind =082 ##$$a 636 =090 ##$$a 636, San l =100 ##$$a Santoso, Urip =245 ##$$a Limbah bahan ransum unggas yang rasional, Urip Santoso =260 ##$$a 1989 $b Jakarta =300 ##$$a 136 hlm, 21 cm =650 ##$$a Limbah =850 ##$$a NBPNMAT